Score 0/16 Timer 05:00
0 Plays Today
# Person % Correct
2Penélope Cruz
79.7%
3Rafael Nadal
79.2%
1Antonio Banderas
78.9%
6Salvador Dalí
75.8%
4Pablo Picasso
73.3%
8Francisco Franco
58%
12Isabella I
49.8%
5Julio Iglesias
44.6%
# Person % Correct
15Pau Gasol
41.2%
14Sergio García
35.1%
7Fernando Torres
31.1%
11Fernando Alonso
28.9%
13Plácido Domingo
26.2%
10Juan Carlos I
25.2%
9Hernán Cortés
18.1%
16Miguel de Cervantes
18.1%
Come Together.
Have Fun.
All Virtual.
We all need to come together. Play Sporcle's virtual live trivia to have fun, connect with people, and get your trivia on. Join a live hosted trivia game for your favorite pub trivia experience done virtually. If a virtual private party is more your thing, go here for details.

You're not logged in!

Compare scores with friends on all Sporcle quizzes.
OR
Log In

Sporcle TV

Today on Sporcle TV


Watch our educational content, quiz creation guides, and fun videos on Sporcle TV.

Show Comments

Extras

Top Quizzes Today


Score Distribution

Paid Content

Your Account Isn't Verified!

In order to create a playlist on Sporcle, you need to verify the email address you used during registration. Go to your Sporcle Settings to finish the process.

Report this User

Report this user for behavior that violates our Community Guidelines.

Details: